Robot Manipulators. Mathematics, Programming and Control. The Computer Control of Robot Manipulkators /
Guardado en:
| Autor principal: | |
|---|---|
| Formato: | Libro |
| Publicado: |
Cambridge :
The MIT Press,
1983
|
| Etiquetas: |
Sin Etiquetas, Sea el primero en etiquetar este registro!
|
MARC
| LEADER | 00000nam a22000003a 4500 | ||
|---|---|---|---|
| 001 | stu46666 | ||
| 005 | 20190206134347.5 | ||
| 008 | ------s1983----uk----------------------d | ||
| 040 | |a STU |b slo | ||
| 041 | 0 | ||
| 044 | |a uk | ||
| 080 | |a 621.865.8 |7 A000003983 | ||
| 100 | 1 | |a Paul, Richard P |4 aut | |
| 245 | 1 | |a Robot Manipulators. Mathematics, Programming and Control. The Computer Control of Robot Manipulkators / |c [aut.] Paul,Richard P | |
| 260 | |a Cambridge : |b The MIT Press, |c 1983 | ||
| 300 | |a 140 s | ||
| 996 | |b J84708 |c J*84708/K 3 |l JJK3 |s P |a 0 |w stu46666_0001 | ||